Movies Quiz

Random Movies or Actor Quiz

Cast of Inkheart Quiz Stats

 Plays Quiz not verified by Sporcle

Challenge
Share
Tweet
Embed
Score 0/13 Timer 03:00
0 Plays Today
Character Actor/Actress % Correct
Mortimer FolchartBrendan Fraser
77.8%
DustfingerPaul Bettany
59.3%
CapricornAndy Serkis
55.6%
Elinor LoredanHelen Mirren
55.6%
Meggie FolchartEliza Bennett
37%
Resa FolchartSienna Guillory
37%
FenoglioJim Broadbent
37%
FaridRafi Gavron
22.2%
RoxaneJennifer Connelly
18.5%
NymphJessie Cave
14.8%
BastaJamie Foreman
14.8%
DariusJohn Thomson
11.1%
MortolaLesley Sharp
11.1%

You're not logged in!

Compare scores with friends on all Sporcle quizzes.
Join for Free
OR
Log In

You Might Also Like...

Show Comments

Extras

Top Quizzes Today


Score Distribution

Your Account Isn't Verified!

In order to create a playlist on Sporcle, you need to verify the email address you used during registration. Go to your Sporcle Settings to finish the process.

Report this User

Report this user for behavior that violates our Community Guidelines.

Details: